Od národných výborov sa žiada a čaká viac

Bibliographic Details
Main Author: Slotová, A. (Author)
Format: Article
Language:Slovak
Subjects:

MARC

LEADER 00000nab a2200000 a 4500
001 vtls000124051
003 SK-MaSNL
005 20260303032634.0
008 111104c1982 xo 0 slo
015 |a SNBRB19rr/mm-uuuuu 
035 |a CL0134156 
040 |a SNKBUCL  |b slo  |c SNKBUCL  |e AACR2 
041 0 |a slo 
044 |a xo  |c SK 
080 |a 352/353  |2 1981 
100 1 |a Slotová, A.  |4 aut  |9 1002023 
245 1 0 |a Od národných výborov sa žiada a čaká viac  |c A. Slotová 
650 0 7 |a národné výbory  |2 snkbucl  |9 59059 
655 7 |a články z novín a časopisov  |2 snkbucl  |9 267496 
773 0 |t Práca  |g Roč. 37, č. 230 (28. 9. 1982), s. 1-2 
850 |a Slovenská národná knižnica v Martine  |a MTA001 
852 |a SNK  |b KIS3GCP 
958 |a RK 
992 |a RBX 
999 |c 1665760  |d 1667690